50 facts about Britain's economy

Enregistré dans:
Détails bibliographiques
Format: Livre
Langue:Undetermined
Publié: London Sanders Phillips & Co. 1967
Sujets:
Tags: Ajouter un tag
Pas de tags, Soyez le premier à ajouter un tag!
Thư viện lưu trữ: Trung tâm Học liệu Trường Đại học Cần Thơ
LEADER 00404nam a2200157Ia 4500
001 CTU_86449
008 210402s9999 xx 000 0 und d
082 |a 330 
082 |b F565 
245 0 |a 50 facts about Britain's economy 
260 |a London 
260 |b Sanders Phillips & Co. 
260 |c 1967 
650 |a Economic 
904 |i Năm 
980 |a Trung tâm Học liệu Trường Đại học Cần Thơ